000 00995nam a22002777a 4500
999 _c64044
_d64044
005 20240530110712.0
008 180205s2015 ua g b 000 1 ara d
017 _a2015/2914
_bمصر. دار الكتب
020 _a9789774991776
040 _aEG-CaGPL
_cEG-CaGPL
082 0 4 _221
_a809.933 /
_bهـ هـ
100 0 _aهويدا صالح
245 1 2 _aالهامش الاجتماعى فى الادب :
_bقراءة سوسيوثقافية /
_cهويدا صالح
250 _aط. 1
260 _aالقاهرة :
_bرؤية للنشر و التوزيع،
_c2015.
300 _a264 ص. ؛
_c19 سم.
504 _aيشتمل على ارجاعات ببليوجرافية
650 0 7 _2qrmak
_aالادب
650 0 7 _2qrmak
_aالاسلوب الادبى
650 0 7 _2qrmak
_aالادب
_xفلسفة
650 0 7 _2qrmak
_aالادب
_xنظريات
651 _2qrmak
653 0 _aالادب الاجتماعى
942 _2ddc
_cBK